000
00306nam a22001337a 4500
008
170406b xxu||||| |||| 00| 0 eng d
020
_a
0125232829
041
_a
eng
080
_a
575
100
_a
9
101
_a
SHM
245
_a
CLINICAL USE OF INTRAVENOUS IMMUNOGLOBULINS
_c
MORELL, A
942
_2
udc
_c
BK
999
_c
9942
_d
9942